| 000 | 00705nam a2200241Ia 4500 | ||
|---|---|---|---|
| 008 | 160517s9999 xx 000 0 und d | ||
| 020 | _a971-27-1219-2 | ||
| 050 | _aFIL PN 4784.C77 | ||
| 050 | _b.S57 2002 | ||
| 100 | _aSison, Marites N. | ||
| 245 | _aArmando J. Malay : | ||
| 245 | _ba guardian of memory : the life and times of a Filipino journalist and activist / | ||
| 245 | _cMarites N. Sison | ||
| 260 | _aManila : | ||
| 260 | _bAnvil Pub. Inc., | ||
| 260 | _c2002 | ||
| 300 | _a236 pages : | ||
| 300 | _billustrations ; | ||
| 300 | _c25 cm. | ||
| 500 | _aIncludes bibliographical references. | ||
| 650 | _aMalay, Armando J. | ||
| 650 | _xJournalism -- Biography -- Philippines. | ||
| 999 |
_c294081 _d294081 |
||